000 00311nam a2200133Ia 4500
100 _aLangsdore/A.S
942 _cBK
654 _acurrent
245 _aTheory of Alternating current machinery
260 _bTata Mc Graw hill
_aNew Delhi
_c1987
082 _a621.3133
_bLAN
300 _a1987
546 _aENGLISH
999 _c20513
_d20513